LRC and LIC in the GMM model in the IFRS 17 standard
Guardado en:
| Autor principal: | |
|---|---|
| Formato: | Capítulo de libro |
| Lenguaje: | inglés |
| Etiquetas: |
Sin Etiquetas, Sea el primero en etiquetar este registro!
|
MARC
| LEADER | 00000naa$a2200000$$$4500 | ||
|---|---|---|---|
| 001 | 0305661 | ||
| 005 | 20250128095531.7 | ||
| 041 | 0 | |a eng | |
| 044 | |a SK | ||
| 245 | 1 | 0 | |a LRC and LIC in the GMM model in the IFRS 17 standard |c Ingrid Krčová |
| 500 | |a Abstrakt | ||
| 100 | 1 | |a Krčová, Ingrid, 1969- | |